Europa vs. Europa #15 - Statistiken

Allgemein
  • Dieses Quiz wurde 39 mal gespielt
  • Das Durchschnittsergebnis liegt bei 11 aus 14
Antwortstatistiken
Frage Antwort % Korrekt
...Fläche? Deutschland🇩🇪
100%
...Einwohner? Deutschland🇩🇪
100%
...Militär? Deutschland🇩🇪
100%
...Exportmengen? Deutschland🇩🇪
95%
...Bruttoinlandsprodukt? Deutschland🇩🇪
92%
...Gewinner? Deutschland🇩🇪
89%
...Happy Planet Index? Irland🇮🇪
86%
...Tourismus? Deutschland🇩🇪
78%
...durchschnittlicher IQ? Deutschland🇩🇪
70%
...Frieden? Irland🇮🇪
65%
...HDI (Human Development Index)! Deutschland🇩🇪
62%
...Bruttoinlandsprodukt pro Kopf? Irland🇮🇪
49%
..Lebenserwartung? Irland🇮🇪
43%
...Gesundheitswesen? Irland🇮🇪
22%
Keine übereinstimmenden Quizze gefunden
Verteilung der Resultate
Anzahl Personen mit jedem Resultat
Perzentil nach korrekt beantworteten Fragen
Ihre Resultats-Entwicklung
Sie haben dieses Quiz noch nicht gespielt